Statistics for Cleveland Cavaliers Top 10 Leaders

Click here to take the quiz!

General Stats

  • This quiz has been taken 117 times
    (72 since last reset)
  • The average score is 9 of 23

Answer Stats

Answer % Correct
Kyrie Irving
100%
LeBron James
100%
Kevin Love
92%
Bingo Smith
75%
Tristan Thompson
70%
Zydrunas Ilgauskas
69%
Mark Price
67%
Hot Rod Williams
58%
Brad Daugherty
55%
Anderson Varejao
44%
Larry Nance
44%
Craig Ehlo
31%
Austin Carr
28%
Ron Harper
22%
Terrell Brandon
17%
Andre Miller
17%
Campy Russell
11%
John Bagley
9%
Jim Chones
8%
Jim Brewer
6%
Foots Walker
6%
Roy Hinson
6%
Danny Ferry
5%

Score Distribution

Percentile by Number Answered

Percent of People with Each Score

Your Score History

You have not taken this quiz since the last reset